| 000 | 00530cam a22002051 4500 | ||
|---|---|---|---|
| 001 | he 68000703 | ||
| 003 | DLC | ||
| 005 | 20260227111455.0 | ||
| 008 | 831214s1967 is 000 0 heb | ||
| 010 | _ahe 68000703 | ||
| 035 | _a(OCoLC)19150183 | ||
| 040 |
_aDLC _cMH _dDLC |
||
| 042 | _apremarc | ||
| 050 | 0 | 0 |
_aPJ5053.A53 _bT4 |
| 100 | 1 |
_aAmir-Pinkerfeld, Anda, _d1902-1981. |
|
| 245 | 1 | 0 |
_aTehiyot : _bshirim. |
| 260 |
_a[Tel Aviv] : _bʻEḳed, _c[1967] |
||
| 300 |
_a54 p. : _bill. ; _c24 cm. |
||
| 752 |
_aIsrael _dTel Aviv |
||
| 999 |
_c33039 _d33039 |
||